[Event "Match"]
[Site "www.echecsemail.com"]
[Date "2015.02.21"]
[Round "1"]
[White "Billyg"]
[Black "Kesalon"]
[WhiteElo "1600"]
[BlackElo "999"]
[Result "0-1"]
[Round "1"]
1.e4 e5
2.Ng1f3 Nb8c6
3.Bf1b5 a6
4.Bb5xc6 dxc6
5.Nf3xe5 Qd8d4
6.Ne5d3 Qd4xe4
7.Qd1e2 Qe4xe2
8.Kxe2 Ng8f6
9.Rh1e1 Bc8e6
10.Kf1 O-O-O
11.Nd3e5 Bf8d6
12.d4 Rh8e8
13.b3 Nf6d5
14.Ne5c4 Bd6b4
15.Bc1d2 Bb4xd2
16.Nb1xd2 Nd5c3
17.Re1e3 Nc3b5
18.a4 Nb5xd4
19.Nc4e5 Nd4xc2
20.Ne5xf7 Nc2xe3
21.Kg1 Rd8xd2
22.Nf7g5 Rd2d1
23.Ra1xd1 Ne3xd1
{ resign }
0-1

[Event "Match"]
[Site "www.echecsemail.com"]
[Date "2015.02.21"]
[Round "1"]
[White "Mrmoto"]
[Black "Jeti"]
[WhiteElo "1580"]
[BlackElo "1499"]
[Result "1-0"]
[Round "1"]
1.e4 d6
2.d4 e5
3.dxe5 Qd8e7
4.Nb1c3 dxe5
5.h3 Ng8f6
6.Bc1g5 Nb8c6
7.Bf1b5 Qe7e6
8.Ng1f3 Bc8d7
9.O-O O-O-O
10.Qd1e2  { time }
1-0

[Event "Match"]
[Site "www.echecsemail.com"]
[Date "2015.02.21"]
[Round "1"]
[White "E4player"]
[Black "Nozal"]
[WhiteElo "1809"]
[BlackElo "1860"]
[Result "1-0"]
[Round "1"]
1.e4 e5
2.Ng1f3 d6
3.Bf1c4 Ng8f6
4.Nf3g5 d5
5.exd5 Nf6xd5
6.Qd1h5 g6
7.Qh5f3 Qd8xg5
8.Bc4xd5 c6
9.Bd5xf7 Kd8
10.O-O Bf8d6
11.d3 Qg5e7
12.Bc1h6 Bc8f5
13.Bf7b3 Nb8d7
14.Nb1d2 Kc7
15.Nd2c4 Qe7f6
16.Qf3g3 a5
17.Bh6g5 Qf6f8
18.d4 Qf8e8
19.Nc4xd6 Kxd6
20.dxe5 Nd7xe5
21.Rf1e1 a4
22.Ra1d1 Kc7
23.Re1xe5 { resign }
1-0

[Event "Match"]
[Site "www.echecsemail.com"]
[Date "2015.02.21"]
[Round "1"]
[White "Drdoom"]
[Black "Jeti"]
[WhiteElo "1760"]
[BlackElo "1499"]
[Result "1-0"]
[Round "1"]
1.e4 d6
2.d4 Ng8f6
3.Nb1c3 g6
4.Bc1e3 Bf8g7
5.Qd1d2 O-O
6.Be3h6 Nb8c6
7.Bh6xg7 Kxg7
8.Ng1f3 Bc8g4
9.Bf1e2  { time }
1-0

[Event "1/128 Finale"]
[Site "www.chess-mail.com"]
[Date "2015.02.21"]
[Round "1"]
[White "Forest"]
[Black "Attatroll"]
[WhiteElo "1630"]
[BlackElo "2020"]
[Result "0-1"]
[Round "1"]
1.c4 Ng8f6
2.Nb1c3 e5
3.g3 Bf8c5
4.Bf1g2 O-O
5.e3 c6
6.Ng1e2 a6
7.O-O d5
8.cxd5 cxd5
9.d4 exd4
10.exd4 Bc5a7
11.Bc1g5 Bc8e6
12.Ne2f4 Nb8d7
13.Nf4xe6 fxe6
14.h3 Qd8b6
15.Qd1d2 Ra8c8
16.Ra1d1 h6
17.Bg5xf6 Nd7xf6
18.Rf1e1 Rc8c4
19.Re1e2 Rc4xd4
20.Qd2xd4 Qb6xd4
21.Rd1xd4 Ba7xd4
22.Re2xe6 Rf8c8
23.Nc3xd5 Nf6xd5
24.Bg2xd5 Kf8
25.Bd5xb7 { time. }
0-1

[Event "1/128 Finale"]
[Site "www.chess-mail.com"]
[Date "2015.02.21"]
[Round "1"]
[White "Nimzo"]
[Black "Amaya"]
[WhiteElo "2680"]
[BlackElo "1900"]
[Result "1-0"]
[Round "1"]
1.d4 g6
2.e4 Bf8g7
3.Nb1c3 d6
4.Bc1e3 Ng8f6
5.Qd1d2 O-O
6.O-O-O c6
7.Be3h6 Bc8g4
8.f3 Bg4d7
9.h4 b5
10.e5 Bg7xh6
11.Qd2xh6 Nf6d5
12.h5 Nd5xc3
13.hxg6 Nc3xa2
14.Kb1 { resign }
1-0

[Event "Eq:BEAC Hungary-Team USA : "]
[Site "www.chess-mail.com"]
[Date "2015.02.21"]
[Round "1"]
[White "Gatrooper"]
[Black "Picifarkinca"]
[WhiteElo "1440"]
[BlackElo "2000"]
[Result "0-1"]
[Round "1"]
1.e4 e5
2.a3 Ng8f6
3.Nb1c3 Nb8c6
4.Ng1f3 a6
5.h3 Bf8c5
6.d3 d6
7.Bc1g5 h6
8.Bg5xf6 Qd8xf6
9.Nc3d5 Qf6d8
10.c3 O-O
11.d4 Bc5a7
12.dxe5 Nc6xe5
13.Nf3xe5 dxe5
14.Bf1c4 c6
15.Nd5e3 Qd8e7
16.Ne3f5 Bc8xf5
17.exf5 Ra8d8
18.Qd1e2 Qe7g5
19.g4 Qg5f4
20.f3 Ba7e3
 { time }
0-1

[Event "Eq:Equipo Juan Diaz-Los Tercios : "]
[Site "www.chess-mail.com"]
[Date "2015.02.21"]
[Round "1"]
[White "Kukulcan"]
[Black "Alejo"]
[WhiteElo "1800"]
[BlackElo "2090"]
[Result "0-1"]
[Round "1"]
1.d4 Ng8f6
2.c4 e6
3.Nb1c3 Bf8b4
4.Qd1c2 O-O
5.a3 Bb4xc3
6.Qc2xc3 b6
7.Bc1g5 Bc8b7
8.f3 h6
9.Bg5h4 d5
10.e3 Nb8d7
11.cxd5 Nf6xd5
12.Bh4xd8 Nd5xc3
13.Bd8h4 Nc3d5
14.Bh4f2 f5
15.Bf1b5 Ra8d8
 { time }
0-1

[Event "Eq:La Taverne-Equipo Juan Diaz : "]
[Site "www.chess-mail.com"]
[Date "2015.02.21"]
[Round "1"]
[White "Kukulcan"]
[Black "Xkafi"]
[WhiteElo "1800"]
[BlackElo "1950"]
[Result "0-1"]
[Round "1"]
1.d4 h6
2.c4 d5
3.Nb1c3 dxc4
4.e3 Ng8f6
5.Bf1xc4 Bc8g4
6.Qd1b3 e6
7.Qb3xb7 Nb8d7
8.Ng1e2 Bf8d6
9.O-O O-O
10.Qb7b3 c6
11.e4 Bd6c7
12.h3 Bg4h5
13.Ne2f4 Bc7b6
14.g4 Nf6xg4
15.hxg4 Bh5xg4
16.Bc1e3 Qd8h4
17.Bc4e2 Ra8b8
18.Qb3d1 f5
19.Be2xg4 fxg4
20.Nf4g6 Qh4h3
21.Ng6xf8 Rb8xf8
22.e5 Rf8f5
 { time }
0-1

[Event "Fast Game"]
[Site "www.echecsemail.com"]
[Date "2015.02.21"]
[Round "1"]
[White "Vitoriccardo"]
[Black "Kollipaa"]
[WhiteElo "1599"]
[BlackElo "1670"]
[Result "0-1"]
[Round "1"]
1.e4 b6
2.d4 Bc8b7
3.Nb1c3 e6
4.Bf1d3 Ng8e7
5.Ng1f3 Ne7g6
6.O-O Bf8e7
7.Rf1e1 O-O
8.e5 d5
9.Bc1e3 Nb8d7
10.Qd1d2 c5
11.Ra1d1 c4
12.Bd3xg6 hxg6
13.Nc3b5 a6
14.Nb5d6 Be7xd6
15.exd6 Nd7f6
16.Be3g5 Qd8xd6
17.Bg5f4 Qd6d8
18.Bf4e5 Nf6d7
19.c3 Rf8e8
20.h4 f6
21.Be5g3 Kf7
22.Qd2f4 Nd7f8
23.Re1e3 Kg8
24.Rd1e1 Qd8d7
25.Qf4g4 Bb7c8
26.h5 gxh5
27.Qg4xh5 Qd7f7
28.Qh5xf7 Kxf7
29.Bg3e5 fxe5
30.Nf3xe5 Ke7
31.Re3g3 Kd6
32.Rg3xg7 Nf8d7
33.Rg7g6 Nd7xe5
34.Re1xe5 Bc8d7
35.b3 cxb3
36.axb3 b5
37.f4 Re8e7
38.f5 Ra8f8
39.g4 a5
40.f6 Re7f7
41.g5 a4
42.c4 bxc4
43.bxc4 dxc4
44.Re5c5 c3
45.Rc5xc3 Kd5
46.Rc3f3 Kxd4
47.Rg6g7 Bd7c6
48.Rg7xf7 Rf8xf7
49.g6 Rf7f8
50.g7 Rf8g8
51.Rf3g3 Bc6e8
52.Rg3h3 Ke5
53.Rh3h8 Be8f7
54.Rh8h6 Kf5
{ resign }
0-1

[Event "Fast Game"]
[Site "www.echecsemail.com"]
[Date "2015.02.21"]
[Round "1"]
[White "E4player"]
[Black "Attatroll"]
[WhiteElo "1969"]
[BlackElo "1810"]
[Result "1-0"]
[Round "1"]
1.e4 e6
2.d4 d5
3.Nb1d2 dxe4
4.Nd2xe4 Bc8d7
5.Ng1f3 Bd7c6
6.Bf1d3 Bc6xe4
7.Bd3xe4 c6
8.Qd1e2 Ng8f6
9.Be4d3 Bf8e7
10.Bc1d2 O-O
11.O-O Nb8d7
12.c4 Nd7b6
13.Bd2a5 Qd8d7
14.Ra1d1 Nb6c8
15.Nf3e5 Qd7e8
16.Bd3c2 Nf6d7
17.Ba5c3 Nd7xe5
18.dxe5 Nc8b6
19.Qe2e3 Nb6xc4
20.Qe3d3 Nc4b6
21.Qd3xh7 
1-0

[Event "Tourn. n7960"]
[Site "www.chess-mail.com"]
[Date "2015.02.22"]
[Round "1"]
[White "Averoes"]
[Black "Picifarkinca"]
[WhiteElo "2220"]
[BlackElo "2000"]
[Result "1-0"]
[Round "1"]
1.d4 Ng8f6
2.c4 e6
3.Ng1f3 Bf8b4
4.Bc1d2 Bb4xd2
5.Qd1xd2 O-O
6.Nb1c3 d6
7.e4 Nb8c6
8.Bf1e2 e5
9.d5 Nc6e7
10.O-O Ne7g6
11.g3 Qd8e7
12.b4 Bc8h3
13.Rf1e1 Bh3d7
14.Be2d3 a5
15.bxa5 Ra8xa5
16.Nc3b5 b6
17.Nb5xc7 Bd7g4
18.Nf3d4 Qe7xc7
19.Nd4b5 Qc7b8
20.Qd2b4 Nf6e8
21.Re1e3 Bg4d7
22.a4 Bd7xb5
23.cxb5 Qb8c8
24.Re3e2 Qc8d7
25.Ra1c1 Ng6e7
26.Re2c2 Qd7a7
27.Rc2c4 Qa7b8
28.Qb4c3 Kh8
29.f4 { resign }
1-0

[Event "Tourn. n8004"]
[Site "www.chess-mail.com"]
[Date "2015.02.22"]
[Round "1"]
[White "Passaroa25"]
[Black "Peck"]
[WhiteElo "1440"]
[BlackElo "1479"]
[Result "1/2-1/2"]
[Round "1"]
1.e4 g5
2.d4 Bf8g7
3.c3 Ng8f6
4.f3 O-O
5.Bc1e3 e5
6.d5 c6
7.Bf1c4 d6
8.Be3xg5 cxd5
9.exd5 Nf6h5
10.Bg5xd8 Rf8xd8
11.Ng1e2 Nh5f4
12.Ne2xf4 exf4
13.O-O Rd8e8
14.Kh1 Bc8d7
15.Nb1d2 Nb8a6
16.Ra1b1 Na6c5
{ draw }
1/2-1/2

[Event "Tourn. n7987"]
[Site "www.chess-mail.com"]
[Date "2015.02.22"]
[Round "1"]
[White "Pipas"]
[Black "Gatrooper"]
[WhiteElo "1660"]
[BlackElo "1480"]
[Result "1-0"]
[Round "1"]
1.e4 e5
2.Bf1c4 d6
3.Qd1f3 Bc8e6
4.Bc4b5 c6
5.Bb5a4 a6
6.d3 h6
7.c4 Ng8f6
8.h3 Be6d7
9.b4 c5
10.Ba4xd7 Nb8xd7
11.Bc1a3 cxb4
12.Ba3xb4 a5
13.Bb4d2 Nd7c5
14.Ng1e2 Qd8b6
15.Bd2c3 O-O-O
16.Nb1a3 Rd8e8
17.Ra1b1 Qb6d8
18.Rb1b5 Bf8e7
19.Bc3xa5 Qd8d7
20.Rb5b6 Be7d8
21.Rb6b5 Bd8xa5
22.Rb5xa5 Kd8
23.Ne2c3 Ke7
24.Nc3d5 Nf6xd5
25.cxd5 f6
26.Qf3g3 g5
27.O-O h5
28.Qg3f3 g4
29.Qf3g3 Re8g8
30.h4 Rg8c8
31.Rf1b1 Rc8c7
32.Na3c2 Rh8b8
33.Qg3e3 b6
34.Ra5b5 Nc5a6
35.Nc2b4  { time }
1-0

[Event "Tourn. n8091"]
[Site "www.chess-mail.com"]
[Date "2015.02.22"]
[Round "1"]
[White "Hali"]
[Black "Picifarkinca"]
[WhiteElo "2170"]
[BlackElo "2320"]
[Result "1-0"]
[Round "1"]
1.e4 e6
2.d4 d5
3.Nb1c3 dxe4
4.Nc3xe4 Nb8d7
5.Ng1f3 Ng8f6
6.Bc1g5 Bf8e7
7.Bg5xf6 Nd7xf6
8.Bf1d3 O-O
9.O-O Nf6xe4
10.Bd3xe4 { resign }
1-0

[Event "Tourn. n7999"]
[Site "www.chess-mail.com"]
[Date "2015.02.22"]
[Round "1"]
[White "Karadajyan"]
[Black "Picifarkinca"]
[WhiteElo "2040"]
[BlackElo "2040"]
[Result "1-0"]
[Round "1"]
1.d4 Ng8f6
2.c4 e6
3.g3 Bf8b4
4.Nb1d2 O-O
5.Bf1g2 d5
6.Ng1f3 c6
7.O-O Nb8d7
8.Qd1c2 Qd8e7
9.e4 dxe4
10.Nd2xe4 Nf6xe4
11.Qc2xe4 Nd7f6
12.Qe4c2 Bb4d6
13.Rf1e1 Rf8d8
14.Bc1d2 Qe7e8
15.Ra1d1 Qe8f8
16.Bd2a5 { resign }
1-0

[Event "Tourn. n7966"]
[Site "www.chess-mail.com"]
[Date "2015.02.22"]
[Round "1"]
[White "Gatrooper"]
[Black "Kozakliuty"]
[WhiteElo "1440"]
[BlackElo "1510"]
[Result "0-1"]
[Round "1"]
1.e4 b6
2.d4 e6
3.e5 Bc8b7
4.Ng1f3 Ng8e7
5.Nb1c3 Ne7d5
6.Nc3xd5 Bb7xd5
7.Bc1g5 Bf8e7
8.Bg5xe7 Qd8xe7
9.a3 O-O
10.Qd1d3 f5
11.h4 c5
12.Nf3g5 h6
13.Ng5f3 cxd4
14.Qd3xd4 Nb8c6
15.Qd4d1 Qe7c5
16.b4 Qc5e7
 { time }
0-1

[Event "Tourn. n8097"]
[Site "www.chess-mail.com"]
[Date "2015.02.22"]
[Round "1"]
[White "F14"]
[Black "Kesalon"]
[WhiteElo "1599"]
[BlackElo "1679"]
[Result "0-1"]
[Round "1"]
1.e4 e5
2.Ng1f3 Nb8c6
3.Bf1b5 a6
4.Bb5a4 Ng8f6
5.O-O b5
6.Ba4b3 d6
7.Rf1e1 Nc6a5
8.d4 exd4
9.Bb3d5 c6
10.Bd5b3 Na5xb3
11.axb3 c5
12.c3 dxc3
13.bxc3 Bf8e7
14.e5 dxe5
15.Qd1xd8 Be7xd8
16.Nf3xe5 O-O
17.Bc1g5 Nf6d5
18.Bg5xd8 Rf8xd8
19.c4 bxc4
20.bxc4 Nd5b4
21.Ra1a5 Bc8e6
22.Ra5xc5 Rd8d4
23.Ne5c6 Nb4xc6
24.Rc5xc6 Rd4xc4
25.Rc6xc4 Be6xc4
26.Nb1c3 g6
27.Re1e4 Bc4b5
28.h4 Ra8c8
29.Nc3d5 Kg7
30.Re4e7 Rc8c4
31.Re7a7 Rc4xh4
32.Nd5c7 Rh4c4
33.g3 h5
34.Nc7e8 Bb5xe8
35.Ra7xa6 Be8c6
36.f4 Rc4c1
37.Kf2 Kh6
38.Ra6b6 Bc6d5
39.Rb6d6 Bd5e6
40.Ke3 Rc1g1
41.Kf2 Rg1c1
42.Rd6b6 Be6g4
43.Rb6b2 Rc1c3
44.Rb2d2 Rc3f3
45.Kg2 Rf3e3
46.Rd2d7 Bg4xd7
47.Kf2 Re3d3
48.Kg2 Bd7c6
49.Kf2 f5
50.g4 hxg4
51.Kg1 Rd3d2
52.Kf1 g3
53.Ke1 Rd2h2
54.Kf1 g2
55.Kg1 Rh2h1
{ resign }
0-1

[Event "Tourn. n8090"]
[Site "www.chess-mail.com"]
[Date "2015.02.22"]
[Round "1"]
[White "Amaya"]
[Black "Bigoak"]
[WhiteElo "1870"]
[BlackElo "1910"]
[Result "1-0"]
[Round "1"]
1.d4 Ng8f6
2.e3 d6
3.Bf1d3 g6
4.f4 Bf8g7
5.Nb1d2 O-O
6.c3 c5
7.Ng1f3 b6
8.O-O Bc8b7
9.a3 e6
10.Qd1e2 d5
11.Nf3e5 Nb8c6
12.Qe2f3 Qd8e7
13.b3 Nf6d7
14.a4 f6
15.Ne5xg6 hxg6
16.Bd3xg6 f5
17.Qf3h5 Nd7f6
18.Qh5h3 Ra8c8
19.Nd2f3 Bg7h8
20.Nf3g5 Rc8d8
21.Rf1f3 Bb7c8
22.Rf3g3 Qe7g7
23.Ng5h7 Nf6xh7
24.Bg6xh7 { resign }
1-0

[Event "Tourn. n8070"]
[Site "www.chess-mail.com"]
[Date "2015.02.22"]
[Round "1"]
[White "Krasin"]
[Black "Thurgau"]
[WhiteElo "2360"]
[BlackElo "2710"]
[Result "1/2-1/2"]
[Round "1"]
1.e4 c5
2.c3 Ng8f6
3.e5 Nf6d5
4.Ng1f3 e6
5.d4 cxd4
6.cxd4 d6
7.Nb1c3 dxe5
8.Nf3xe5 Bf8b4
9.Bc1d2 O-O
10.Bf1d3 Nb8c6
11.Ne5xc6 bxc6
12.O-O Qd8b6
13.Qd1c2 f5
14.Nc3xd5 cxd5
15.Bd2xb4 Qb6xb4
16.Qc2c6 Ra8b8
17.Qc6c7 Rb8b6
18.Qc7e5 Qb4xb2
19.Ra1c1 Bc8d7
20.Rc1c7 Rb6b7
21.Rf1c1 { draw }
1/2-1/2

[Event "Tourn. n7964"]
[Site "www.chess-mail.com"]
[Date "2015.02.22"]
[Round "1"]
[White "Kozakliuty"]
[Black "Iko"]
[WhiteElo "1500"]
[BlackElo "1440"]
[Result "1-0"]
[Round "1"]
1.a4 e5
2.e4 d5
3.exd5 Qd8xd5
4.Nb1c3 Qd5d6
5.d3 Bc8d7
6.Ng1f3 Nb8c6
7.Bf1e2 Bd7f5
8.O-O Bf8e7
9.Bc1e3 Qd6b4
10.Ra1b1 Be7f6
11.Nc3d5 Qb4d6
12.Nd5xf6 Qd6xf6
13.h3 O-O-O
14.Be3g5 Qf6g6
15.Bg5xd8 Nc6xd8
16.Nf3h4 Qg6g5
17.Nh4xf5 Qg5xf5
18.Be2g4 Qf5xg4
19.Qd1xg4 Nd8e6
20.Rf1e1 h5
21.Qg4g3 f6
22.c3 Rh8h6
23.d4 exd4
24.Re1xe6 g5
25.Re6e8 Kd7
26.Re8xg8 c5
27.Rg8g7 Ke6
28.Rb1e1 Kf5
29.Qg3f3 
1-0

[Event "Tourn. n8061"]
[Site "www.chess-mail.com"]
[Date "2015.02.22"]
[Round "1"]
[White "Krasin"]
[Black "Aperturaf"]
[WhiteElo "2320"]
[BlackElo "2300"]
[Result "1/2-1/2"]
[Round "1"]
1.e4 e6
2.d4 d5
3.Nb1c3 Bf8b4
4.exd5 exd5
5.Bf1d3 Nb8c6
6.Ng1e2 Ng8f6
7.O-O O-O
8.Bc1g5 Bb4e7
9.a3 h6
10.Bg5h4 Bc8e6
11.f3 Nf6h5
12.Bh4f2 Be7g5
13.Qd1e1 Rf8e8
14.h4 Bg5e7
15.g4 Nh5f6
16.Ne2f4 Be7d6
17.Qe1d2 Nc6a5
18.b3 c6
19.Bf2g3 Nf6h7
20.Nc3e2 { draw }
1/2-1/2

[Event "Tourn. n7893"]
[Site "www.chess-mail.com"]
[Date "2015.02.22"]
[Round "1"]
[White "Tartan"]
[Black "Woodpusher2"]
[WhiteElo "2330"]
[BlackElo "2440"]
[Result "0-1"]
[Round "1"]
1.d4 d5
2.c4 c6
3.cxd5 cxd5
4.Ng1f3 Ng8f6
5.Nb1c3 Nb8c6
6.Bc1f4 Bc8f5
7.e3 e6
8.Nf3e5 Nc6xe5
9.Bf4xe5 Nf6d7
10.Be5g3 Ra8c8
11.Qd1b3 Qd8b6
12.Bf1b5 Kd8
13.O-O a6
14.Bb5a4 Qb6xb3
15.Ba4xb3 Bf8b4
16.Ra1c1 Bb4a5
17.Nc3xd5 exd5
18.Bb3xd5 Rc8xc1
19.Rf1xc1 Bf5d3
20.Bd5xb7 Ke7
21.Rc1c6 Bd3b5
22.Rc6c1 Rh8d8
23.a3 Ba5b6
24.b3 a5
25.a4 Bb5d3
26.Rc1c6 Bd3f5
27.Bg3d6 Ke8
28.Rc6c1 Nd7f6
29.Rc1c6 Nf6d5
30.g4 Bf5d3
31.g5 Kd7
32.Bd6e5 Ke7
33.f4 f6
34.gxf6 gxf6
35.Be5xf6 Nd5xf6
36.Rc6xb6 Rd8g8
37.Kf2 Rg8b8
38.f5 Bd3xf5
39.Rb6b5 Nf6g4
40.Ke2 Bf5d7
41.Bb7c6 Rb8xb5
42.axb5 Bd7xc6
43.bxc6 Ng4xh2
{ resign }
0-1

[Event "Tourn. n8078"]
[Site "www.chess-mail.com"]
[Date "2015.02.22"]
[Round "1"]
[White "Liencam2"]
[Black "Picifarkinca"]
[WhiteElo "2270"]
[BlackElo "2200"]
[Result "1-0"]
[Round "1"]
1.e4 c6
2.d4 d5
3.f3 e6
4.Nb1c3 Nb8d7
5.Bf1d3 b6
6.Bc1f4 Bc8b7
7.Ng1h3 Qd8c8
8.Qd1e2 { resign }
1-0

[Event "Tourn. n7939"]
[Site "www.chess-mail.com"]
[Date "2015.02.22"]
[Round "1"]
[White "Picifarkinca"]
[Black "Kollipaa"]
[WhiteElo "1970"]
[BlackElo "1970"]
[Result "1/2-1/2"]
[Round "1"]
1.Ng1f3 b6
2.g3 Bc8b7
3.Bf1g2 e5
4.d3 d6
5.O-O Ng8f6
6.c4 Bf8e7
7.Nb1c3 c6
8.e4 O-O
9.h3 Nb8d7
10.Nf3h4 Rf8e8
11.Nh4f5 Nd7f8
12.f4 Nf8g6
13.Qd1f3 Qd8c7
14.Nf5xe7 Qc7xe7
15.f5 Ng6h8
16.Bc1g5 h6
17.Bg5h4 Ra8d8
18.Qf3f2 Kh7
19.a4 a5
20.Qf2xb6 Rd8a8
21.Ra1d1 Ra8a6
22.Qb6f2 Re8g8
23.Kh2 Qe7f8
24.d4 exd4
25.Bh4xf6 gxf6
26.Qf2xd4 Qf8g7
27.Qd4xd6 Ra6a8
28.Qd6f4 Bb7a6
29.b3 { draw }
1/2-1/2

[Event "Tourn. n7939"]
[Site "www.chess-mail.com"]
[Date "2015.02.22"]
[Round "1"]
[White "Blackpool"]
[Black "Picifarkinca"]
[WhiteElo "1840"]
[BlackElo "1970"]
[Result "1-0"]
[Round "1"]
1.d4 Ng8f6
2.c4 e6
3.Nb1c3 Bf8b4
4.e3 O-O
5.Bc1d2 d5
6.Ng1f3 b6
7.cxd5 exd5
8.Bf1e2 h6
9.O-O Rf8e8
10.Nf3e5 Bb4d6
11.Ne5f3 Bc8f5
12.Nc3b5 Bd6f8
13.Ra1c1 c6
14.Nb5c3 Bf8d6
15.a3 a5
16.h3 Nf6e4
17.Nc3xe4 Bf5xe4
18.Bd2c3 Nb8d7
19.Be2d3 Nd7f6
20.Bd3xe4 Nf6xe4
21.Qd1d3 Qd8f6
22.Nf3e5 Ra8c8
23.Ne5f3 Qf6d8
24.Rf1d1 Qd8d7
25.Rd1e1 Re8e6
26.Nf3d2 { resign }
1-0

[Event "Tourn. n7936"]
[Site "www.chess-mail.com"]
[Date "2015.02.22"]
[Round "1"]
[White "Picifarkinca"]
[Black "Maredocla"]
[WhiteElo "1970"]
[BlackElo "1910"]
[Result "1/2-1/2"]
[Round "1"]
1.Ng1f3 d5
2.g3 Bc8g4
3.Bf1g2 e6
4.O-O Nb8c6
5.d3 Qd8d7
6.c4 d4
7.a3 Ra8b8
8.b4 g6
9.Nb1d2 Bf8g7
10.b5 Nc6e7
11.Bc1b2 e5
12.Qd1b3 Ng8f6
13.Nf3xe5 Qd7c8
14.Bb2xd4 a6
15.Ne5xg4 Qc8xg4
16.Nd2f3 axb5
17.Qb3xb5 c6
18.Qb5g5 Qg4xg5
19.Nf3xg5 Ne7f5
20.Bd4e5 Rb8d8
21.Rf1b1 O-O
22.Rb1xb7 Nf5h6
23.Bg2xc6 Nf6h5
24.Be5xg7 Nh5xg7
25.Bc6g2 Rf8e8
26.Kf1 Ng7e6
27.Ng5xe6 Re8xe6
28.a4 Nh6f5
29.Bg2d5 Re6f6
30.Bd5h1 Nf5e3
31.Kg1 Ne3g4
32.f4 Ng4e3
33.Bh1f3 Rf6a6
34.a5 Ne3c2
35.Ra1a2 Nc2d4
36.Bf3d5 { draw }
1/2-1/2

[Event "Tourn. n7936"]
[Site "www.chess-mail.com"]
[Date "2015.02.22"]
[Round "1"]
[White "Picifarkinca"]
[Black "Blackpool"]
[WhiteElo "1970"]
[BlackElo "1840"]
[Result "0-1"]
[Round "1"]
1.Ng1f3 Ng8f6
2.g3 c5
3.Bf1g2 d5
4.O-O Nb8c6
5.d3 e5
6.c4 d4
7.e3 Bf8e7
8.exd4 exd4
9.Bc1f4 O-O
10.Rf1e1 Bc8g4
11.h3 Bg4xf3
12.Bg2xf3 Ra8c8
13.a3 Qd8d7
14.Bf3g2 Rf8e8
15.Nb1d2 Be7d6
16.Bf4xd6 Qd7xd6
17.Nd2e4 Nf6xe4
18.Bg2xe4 g6
19.Be4d5 Qd6d7
20.Kg2 Re8xe1
21.Qd1xe1 Rc8e8
22.Qe1d2 Kg7
23.b4 cxb4
24.axb4 a6
25.b5 axb5
26.Bd5xc6 Qd7xc6
{ resign }
0-1

[Event "Tourn. n7982"]
[Site "www.chess-mail.com"]
[Date "2015.02.22"]
[Round "1"]
[White "Passaroa25"]
[Black "Hansen"]
[WhiteElo "1510"]
[BlackElo "1470"]
[Result "1/2-1/2"]
[Round "1"]
1.e4 Nb8c6
2.c3 Nc6e5
3.Bf1e2 d5
4.f3 d4
5.f4 Ne5g6
6.g3 dxc3
7.Nb1xc3 e5
8.d3 Bf8b4
9.Ng1f3 Bc8g4
10.O-O Bg4xf3
11.Rf1xf3 Qd8d4
12.Bc1e3 Qd4d6
13.f5 Ng6e7
14.a3 Bb4xc3
15.bxc3 Ng8f6
16.h3 h6
17.a4 g5
18.g4 Rh8g8
19.c4 h5
20.Rf3g3 hxg4
21.Be2xg4 Ne7c6
22.c5 Qd6e7
23.Qd1d2 Ra8d8
24.a5 a6
25.Kg2 Nf6xe4
26.Be3xg5 Rg8xg5
27.Qd2e3 Ne4xc5
28.Bg4e2 Rg5xf5
29.Rg3g8 Kd7
30.Rg8g4 Rd8h8
31.Be2f1 b6
32.axb6 cxb6
33.Bf1e2 e4
34.d4 Nc5b7
35.Rg4xe4 Rf5g5
36.Be2g4 Rg5xg4
37.hxg4 Qe7h4
38.Qe3g3 Qh4g5
39.Ra1xa6 Qg5d2
40.Qg3f2 Qd2d1
41.Qf2xf7 Kd6
42.Re4e6 Kd5
43.Qf7d7 Kc4
44.Qd7xc6 Kd3
45.Qc6f3 Qd1xf3
46.Kxf3 Rh8h3
47.Kf4 Kxd4
48.Ra6xb6 Nb7c5
49.Re6d6 Kc4
50.Kf5 Rh3f3
51.Kg5 Nc5e4
52.Kg6 Rf3g3
53.Rd6c6 Kd5
54.Kf5 Rg3f3
55.Kg6 Rf3f4
56.g5 Rf4g4
57.Rc6f6 Rg4xg5
58.Kf7 Ne4xf6
59.Rb6xf6 Ke5
{ draw }
1/2-1/2

[Event "Tourn. n7996"]
[Site "www.chess-mail.com"]
[Date "2015.02.22"]
[Round "1"]
[White "Picifarkinca"]
[Black "Emmanuelasi"]
[WhiteElo "2030"]
[BlackElo "2150"]
[Result "1/2-1/2"]
[Round "1"]
1.Ng1f3 Nb8c6
2.e4 e5
3.Bf1b5 Ng8f6
4.d3 Bf8c5
5.O-O d6
6.h3 h6
7.c3 O-O
8.Qd1e2 a6
9.Bb5a4 b5
10.Ba4c2 Bc8e6
11.Rf1d1 Bc5b6
12.Nb1d2 Rf8e8
13.Nd2f1 Qd8c8
14.Nf1g3 Be6xh3
15.gxh3 Qc8xh3
16.d4 Ra8d8
17.Qe2f1 { draw }
1/2-1/2

[Event "Tourn. n8042"]
[Site "www.chess-mail.com"]
[Date "2015.02.22"]
[Round "1"]
[White "Vitoriccardo"]
[Black "Gatrooper"]
[WhiteElo "1499"]
[BlackElo "1490"]
[Result "1-0"]
[Round "1"]
1.e4 e5
2.Ng1f3 Nb8c6
3.d4 exd4
4.Bf1c4 h6
5.Nf3xd4 Nc6xd4
6.Qd1xd4 d6
7.O-O Bc8e6
8.Nb1c3 Ng8f6
9.Bc1f4 Be6xc4
10.Rf1e1 b5
11.e5 Bc4e6
12.exf6 gxf6
13.Nc3d5  { time }
1-0

[Event "Tourn. n8042"]
[Site "www.chess-mail.com"]
[Date "2015.02.22"]
[Round "1"]
[White "Gatrooper"]
[Black "4knights"]
[WhiteElo "1490"]
[BlackElo "1499"]
[Result "0-1"]
[Round "1"]
1.e4 e5
2.a3 Ng8f6
3.Nb1c3 Nb8c6
4.Ng1f3 Bf8c5
5.d3 d6
6.Bc1e3 Bc8g4
7.Be3xc5 Bg4xf3
8.gxf3 dxc5
9.h3 Nc6d4
10.Bf1e2 c6
11.Rh1g1 g6
12.Nc3a2 Qd8b6
13.b3 Nf6h5
 { time }
0-1

[Event "Tourn. n7984"]
[Site "www.chess-mail.com"]
[Date "2015.02.22"]
[Round "1"]
[White "Passaroa25"]
[Black "Gatrooper"]
[WhiteElo "1490"]
[BlackElo "1480"]
[Result "1-0"]
[Round "1"]
1.e4 e5
2.Ng1e2 Nb8c6
3.c3 d6
4.Ne2g3 a6
5.d3 h6
6.Nb1d2 Ng8f6
7.f3 d5
8.b4 Bf8e7
9.d4 exd4
10.exd5 Nf6xd5
11.Nd2e4 Be7h4
12.Bc1d2 Bc8f5
13.Bf1c4 Nd5f6
14.O-O Bf5xe4
15.Ng3xe4 dxc3
16.Ne4xf6 Bh4xf6
17.Bd2xc3 Qd8c8
18.Ra1c1 Bf6xc3
19.Rc1xc3 O-O
20.a3  { time }
1-0

[Event "Tourn. n8105"]
[Site "www.chess-mail.com"]
[Date "2015.02.22"]
[Round "1"]
[White "Kesalon"]
[Black "Vitoriccardo"]
[WhiteElo "1740"]
[BlackElo "1609"]
[Result "1-0"]
[Round "1"]
1.e4 e6
2.d4 d5
3.Nb1c3 Bf8e7
4.Ng1f3 Be7b4
5.Bf1d3 c5
6.a3 Bb4xc3
7.bxc3 Nb8d7
8.O-O b6
9.Rf1e1 Bc8b7
10.exd5 Bb7xd5
11.c4 Bd5b7
12.d5 Qd8f6
13.Bc1g5 { resign }
1-0

[Event "Tourn. n7987"]
[Site "www.chess-mail.com"]
[Date "2015.02.22"]
[Round "1"]
[White "Bluetealeaf"]
[Black "Pipas"]
[WhiteElo "1700"]
[BlackElo "1660"]
[Result "1-0"]
[Round "1"]
1.e4 e5
2.Ng1f3 Nb8c6
3.c3 Ng8f6
4.Bf1d3 d5
5.Nf3g5 h6
6.Ng5f3 Bf8c5
7.h3 O-O
8.g4 Nf6h7
9.b4 Bc5e7
10.h4 Nh7f6
11.g5 Nf6g4
12.gxh6 Ng4xh6
13.Qd1e2 Bc8g4
14.Bc1b2 Be7f6
15.Qe2e3 Bg4xf3
16.Qe3xf3 Bf6xh4
17.exd5 Nc6b8
18.Qf3e4 g6
19.Rh1xh4 Nb8d7
20.Rh4xh6 Qd8g5
21.Qe4h1 Kg7
22.Rh6h7 Kf6
23.Qh1f3 Ke7
24.Nb1a3 Nd7f6
25.Rh7g7 Ra8d8
26.Na3b5 Nf6h5
27.Rg7h7 Nh5f6
28.Rh7g7 Nf6h5
29.Rg7h7 Nh5f6
30.Rh7h3 Nf6xd5
31.Rh3g3 Qg5h4
32.O-O-O Nd5f4
33.Bd3c4 Qh4f6
34.Nb5xc7 Rd8c8
35.Qf3xb7 Kd8
36.Nc7d5 Qf6d6
37.Qb7xa7 Rc8xc4
38.Qa7a5 Ke8
39.Rg3e3 Nf4xd5
40.Qa5b5 Rc4c6
41.Re3d3 Ke7
42.Rd3xd5 Qd6e6
43.Rd1e1 f6
44.d4 Kf7
45.dxe5 f5
46.f4 Qe6e8
47.Qb5b7 Kg8
48.Re1h1 Rf8f7
49.Qb7b5 Qe8a8
50.a3 Rc6c7
51.e6 Rf7f6
52.Rh1e1 Rc7e7
53.Rd5d6 Qa8f3
54.c4 Qf3xf4
55.Rd6d2 Rf6xe6
56.Qb5d5 Kf8
57.Re1xe6 Re7h7
58.Qd5d8 { resign }
1-0

[Event "Tourn. n7964"]
[Site "www.chess-mail.com"]
[Date "2015.02.22"]
[Round "1"]
[White "A27l"]
[Black "Gatrooper"]
[WhiteElo "1250"]
[BlackElo "1420"]
[Result "1-0"]
[Round "1"]
1.e4 e5
2.Ng1f3 Nb8c6
3.Bf1e2 a6
4.O-O h6
5.d3 Ng8f6
6.h3 d6
7.Nf3h2 Nc6d4
8.c3 Nd4c6
9.Be2g4 Bc8xg4
10.Nh2xg4 Nf6xg4
11.Qd1xg4 h5
12.Qg4d1 Qd8d7
13.Bc1e3 O-O-O
14.Qd1f3 Bf8e7
15.Qf3f5 Qd7xf5
16.exf5 f6
17.Nb1d2 g5
18.f3  { time }
1-0

[Event "Tourn. n8004"]
[Site "www.chess-mail.com"]
[Date "2015.02.22"]
[Round "1"]
[White "Gatrooper"]
[Black "Passaroa25"]
[WhiteElo "1460"]
[BlackElo "1440"]
[Result "0-1"]
[Round "1"]
1.e4 e6
2.d4 Nb8c6
3.Nb1c3 a6
4.Ng1f3 h6
5.e5 Ng8e7
6.h3 Ne7f5
7.g4 Nf5h4
8.Nf3xh4 Qd8xh4
9.Bc1e3 Bf8b4
10.a3 Bb4a5
11.b4 Ba5b6
12.Be3f4 Nc6xd4
13.Bf4g3 Qh4e7
14.Bf1g2 c6
15.Nc3e2 d5
16.Ne2xd4 Bc8d7
17.c3 O-O-O
18.O-O g5
19.a4 Bb6c7
 { time }
0-1